[Event "IND-chT 43rd"]
[Site "Dharamshala"]
[Date "2024.03.30"]
[Round "2.3"]
[White "Ghosh, Diptayan"]
[Black "Chandrajeet, Singh Rajawat"]
[Result "1-0"]
[WhiteElo "2559"]
[BlackElo "1819"]
[PlyCount "61"]
[EventDate "2024.03.29"]
[EventType "team-swiss"]
[EventRounds "9"]
[EventCountry "IND"]
[SourceTitle "CBM 219 Extra"]
[Source "ChessBase"]
[SourceDate "2024.05.31"]
[SourceVersion "1"]
[SourceVersionDate "2024.05.31"]
[SourceQuality "1"]
[WhiteTeam "Railway Sport PB"]
[BlackTeam "Rajasthan II"]
[WhiteTeamCountry "IND"]
[BlackTeamCountry "IND"]

1. Nf3 d5 2. g3 Nf6 3. Bg2 e6 4. 0-0 b6 5. c4 Bb7 6. cxd5 Nxd5 7. d4 Be7 8. Ne5 0-0 9. e4 Nf6 10. Nc3 c5 11. d5 exd5 12. exd5 a6 13. Nc6 Qc7 14. Nxe7+ Qxe7 15. Bg5 Qe5 16. Bf4 Qf5 17. Re1 Nbd7 18. Ne4 Nxe4 19. Bxe4 Qh3 20. Bg2 Qf5 21. Be4 Qh3 22. Qd3 Nf6 23. Bg2 Qd7 24. Rad1 Rad8 25. Bg5 Qd6 26. Bf4 Qd7 27. Bg5 Qd6 28. Qc3 Rd7 29. Bf4 Nxd5 30. Bxd6 Nxc3 31. bxc3 1-0

[Event "IND-ch 59th"]
[Site "New Delhi"]
[Date "2022.12.30"]
[Round "9"]
[White "Srihari, Lakshmi"]
[Black "Chandrajeet, Singh Rajawat"]
[Result "1-0"]
[WhiteElo "2356"]
[BlackElo "1782"]
[PlyCount "63"]
[EventDate "2022.12.22"]
[EventType "swiss"]
[EventRounds "13"]
[EventCountry "IND"]
[SourceTitle "CBM 211 Extra"]
[Source "ChessBase"]
[SourceDate "2023.01.31"]
[SourceVersion "1"]
[SourceVersionDate "2023.01.31"]
[SourceQuality "1"]

1. e4 e5 2. Nf3 Nc6 3. Bc4 Bc5 4. c3 Nf6 5. d3 0-0 6. Bg5 h6 7. Bh4 g5 8. Bg3 d5 9. exd5 Nxd5 10. Nxe5 Nxe5 11. Bxe5 Re8 12. d4 Nf4 13. 0-0 Bd6 14. Bxf4 Bxf4 15. g3 Bd6 16. Qf3 Be6 17. Nd2 c5 18. Rfe1 Qd7 19. Ne4 Be7 20. Bxe6 Qxe6 21. Nxg5 Qg6 22. Ne4 cxd4 23. cxd4 Qb6 24. Qg4+ Kh8 25. Qf4 Kg7 26. d5 Rad8 27. d6 Bxd6 28. Qf6+ Kg8 29. Nxd6 Rxe1+ 30. Rxe1 Qxd6 31. Re8+ Kh7 32. Qxf7# 1-0

[Event "Bikaner op 1st"]
[Site "Bikaner"]
[Date "2022.10.07"]
[Round "8"]
[White "S, M Sharifuzzaman"]
[Black "Chandrajeet, Singh Rajawat"]
[Result "0-1"]
[WhiteElo "1364"]
[BlackElo "1752"]
[PlyCount "112"]
[EventDate "2022.10.01"]
[EventType "swiss"]
[EventRounds "10"]
[EventCountry "IND"]
[SourceTitle "CBM 210 Extra"]
[Source "ChessBase"]
[SourceDate "2022.11.30"]
[SourceVersion "1"]
[SourceVersionDate "2022.11.30"]
[SourceQuality "1"]

1. g3 Nf6 2. Bg2 e6 3. d4 Be7 4. Nf3 b6 5. 0-0 Bb7 6. c4 0-0 7. Nc3 Ne4 8. Qc2 Nxc3 9. Qxc3 d6 10. b3 Nd7 11. Bb2 f5 12. e3 Nf6 13. Ng5 Bxg2 14. Kxg2 Ne4 15. Nxe4 fxe4 16. Qc2 d5 17. Rac1 c6 18. cxd5 cxd5 19. Qc7 Bd6 20. Qxd8 Rfxd8 21. Rc6 Rac8 22. Rfc1 Rxc6 23. Rxc6 Kf7 24. a3 Ke7 25. b4 Rf8 26. b5 Kd7 27. a4 Rc8 28. Rxc8 Kxc8 29. Bc3 Kd7 30. f4 h5 31. h4 g6 32. Kh3 Ba3 33. Bd2 Ke7 34. Kg2 Kf6 35. Kh2 Kf5 36. Kh3 Bb2 37. Be1 Bc1 38. Bf2 Bd2 39. Kh2 Kg4 40. Kg2 Bc3 41. Bg1 Be1 42. Bh2 Kf5 43. Bg1 Bb4 44. Bf2 Bc3 45. Bg1 Be1 46. Bh2 Kg4 47. Bg1 Bxg3 48. Bf2 Bxf2 49. Kxf2 Kxh4 50. Kg2 Kg4 51. Kf2 Kh3 52. Kg1 Kg3 53. Kh1 Kf3 54. Kh2 Kxe3 55. Kg3 Kxd4 56. Kh4 e3 0-1

[Event "Udaipur Lakecity blitz op 1st"]
[Site "Udaipur"]
[Date "2019.09.16"]
[Round "6"]
[White "Chandrajeet, Singh Rajawat"]
[Black "Mitrabha, Guha"]
[Result "0-1"]
[WhiteElo "1766"]
[BlackElo "2313"]
[PlyCount "163"]
[EventDate "2019.09.16"]
[EventType "swiss (blitz)"]
[EventRounds "9"]
[EventCountry "IND"]
[SourceTitle "EXT 2020"]
[Source "ChessBase"]
[SourceDate "2019.10.17"]
[SourceVersion "1"]
[SourceVersionDate "2019.10.17"]
[SourceQuality "1"]

1. d4 Nf6 2. Bf4 b6 3. e3 Bb7 4. Nd2 g6 5. Ngf3 Bg7 6. Bd3 0-0 7. 0-0 d6 8. c3 Nbd7 9. Re1 Re8 10. Bg5 e5 11. dxe5 dxe5 12. Be4 c6 13. Qc2 Nc5 14. Rad1 Qc7 15. Bxf6 Bxf6 16. a4 a5 17. h3 Bg7 18. Bd3 Rad8 19. Bc4 h6 20. Ne4 Nxe4 21. Qxe4 Bc8 22. Qc2 Kh7 23. h4 Bf5 24. Qe2 Bg4 25. Rxd8 Rxd8 26. Rd1 Rxd1+ 27. Qxd1 f5 28. Be2 Qe7 29. Qc2 Bf6 30. g3 Kg7 31. Ne1 Bxe2 32. Qxe2 Qd6 33. Qa6 c5 34. Qb7+ Be7 35. Nd3 Kf6 36. Ne1 e4 37. Ng2 g5 38. hxg5+ hxg5 39. Qa8 Kg6 40. Qg8+ Kf6 41. Qh8+ Ke6 42. Qg8+ Kd7 43. Qa8 Bd8 44. Qb7+ Bc7 45. Qa8 Bb8 46. Qb7+ Bc7 47. Qa8 Bd8 48. Qb7+ Ke6 49. Qh7 Bf6 50. Qg8+ Ke5 51. Kh2 Qd7 52. c4 Qe6 53. Qb8+ Qd6 54. Qg8 Qd7 55. b3 Kd6 56. Qd5+ Kc7 57. Qg8 Qe7 58. Qd5 Be5 59. Qg8 Bc3 60. Qg6 Qf6 61. Qh7+ Kc6 62. Qg8 Qh8+ 63. Qxh8 Bxh8 64. Ne1 Bc3 65. Nc2 Bb2 66. Kg2 Kd6 67. Ne1 Ke5 68. Nc2 Kf6 69. Ne1 Ke5 70. Nc2 f4 71. gxf4+ gxf4 72. exf4+ Kxf4 73. Ne3 Ke5 74. Nd5 Kd4 75. Nxb6 Kc3 76. Nd7 Ba3 77. Nf6 Kxb3 78. Nxe4 Kxa4 79. f4 Kb4 80. f5 Bb2 81. Kf3 a4 82. Nd2 0-1

[Event "Udaipur Lakecity blitz op 1st"]
[Site "Udaipur"]
[Date "2019.09.16"]
[Round "5"]
[White "Ziatdinov, Raset"]
[Black "Chandrajeet, Singh Rajawat"]
[Result "0-1"]
[WhiteElo "2271"]
[BlackElo "1766"]
[PlyCount "67"]
[EventDate "2019.09.16"]
[EventType "swiss (blitz)"]
[EventRounds "9"]
[EventCountry "IND"]
[SourceTitle "EXT 2020"]
[Source "ChessBase"]
[SourceDate "2019.10.17"]
[SourceVersion "1"]
[SourceVersionDate "2019.10.17"]
[SourceQuality "1"]

1. e4 e6 2. d4 d5 3. Nc3 dxe4 4. Nxe4 Bd7 5. Nf3 Bc6 6. Bd3 Nd7 7. 0-0 Ngf6 8. Ng3 Bd6 9. c3 0-0 10. Qc2 Bxf3 11. gxf3 c6 12. f4 g6 13. Kh1 Qc7 14. f5 exf5 15. Bxf5 gxf5 16. Bh6 Rfe8 17. Nxf5 Nf8 18. Bg7 N6d7 19. Qd2 Bf4 20. Qd3 Ng6 21. Rg1 c5 22. Rg4 Rad8 23. Rag1 Nde5 24. Bxe5 Bxe5 25. Qh3 cxd4 26. cxd4 Qc6+ 27. f3 Bg7 28. Rh4 Nxh4 29. Rxg7+ Kf8 30. Qxh4 Qxf3+ 31. Rg2 Qxf5 32. Qh6+ Ke7 33. Re2+ Kd7 34. Rc2 0-1

[Event "IND-chT 37th"]
[Site "Bhopal"]
[Date "2017.02.05"]
[Round "6.4"]
[White "Chandrajeet, Singh Rajawat"]
[Black "Manigandan, SS."]
[Result "1/2-1/2"]
[WhiteElo "1780"]
[BlackElo "2080"]
[PlyCount "103"]
[EventDate "2017.02.02"]
[EventType "team-swiss"]
[EventRounds "9"]
[EventCountry "IND"]
[SourceTitle "CBM 176 Extra"]
[Source "ChessBase"]
[SourceDate "2017.03.02"]
[SourceVersion "1"]
[SourceVersionDate "2017.03.02"]
[SourceQuality "1"]
[WhiteTeam "Rajastan State"]
[BlackTeam "Tamil Nadu"]
[WhiteTeamCountry "IND"]
[BlackTeamCountry "IND"]

1. e4 e6 2. d4 d5 3. Nd2 Nf6 4. e5 Nfd7 5. Bd3 c5 6. c3 Nc6 7. Ne2 cxd4 8. cxd4 f6 9. exf6 Nxf6 10. 0-0 Bd6 11. Nf3 Qc7 12. Bg5 0-0 13. Bh4 Nh5 14. Qc2 h6 15. Bh7+ Kh8 16. Bg6 Rxf3 17. Bxh5 Rf8 18. Bg3 Bd7 19. Rad1 Rac8 20. Nc3 a6 21. Rfe1 Bf4 22. Bg4 Qd6 23. Qe2 Rf6 24. Bxf4 Rxf4 25. Rd3 Nxd4 26. Qd1 Nc2 27. Re4 Rxe4 28. Nxe4 Qb4 29. Ng3 Qxb2 30. Rb3 Qd4 31. Rxb7 Qxd1+ 32. Bxd1 Nd4 33. Rxd7 Rc1 34. h4 Rxd1+ 35. Kh2 Rd2 36. Nh5 Rxf2 37. Nxg7 Rxa2 38. Ne8 Rf2 39. Ra7 Rf8 40. Nd6 Nb5 41. Rxa6 Nxd6 42. Rxd6 Rf6 43. Rd7 Kg8 44. g4 Rf7 45. Rd6 Re7 46. Kg3 Kf7 47. Kf4 Kf6 48. Rb6 Re8 49. Ra6 Rg8 50. Rd6 Ra8 51. g5+ Ke7 52. Ke5 1/2-1/2